Con người nhà quê trong tiểu thuyết Giông Tố và Vỡ Đê của Vũ Trọng Phụng

Khái quát được số phận của những người nông dân, tấm lòng nhân đạo cao cả của nhà văn mà còn góp thêm một tiếng nói khẳng định tài năng và vị thế của Vũ Trọng Phụng trong lịch sử văn học Việt Nam hiện Đại

Đã lưu trong:
Bibliografiske detaljer
Hovedforfatter: Phan,Thị Dương
Andre forfattere: Nguyễn.Thanh Trường TS (Hướng dẫn)
Format: Bog
Sprog:Vietnamese
Udgivet: Đà Nẵng Trường Đại học Sư phạm 6/2011
Serier:Khóa luận tốt nghiệp ĐH. Chuyên ngành: Cử nhân Văn học
Fag:
Tags: Tilføj Tag
Ingen Tags, Vær først til at tagge denne postø!
Thư viện lưu trữ: Mạng thư viện Đại học Đà Nẵng
LEADER 01585nam a2200337 4500
001 000011127
003 7358
005 20120203080224.0
008 120202s6/20 viesd
041 |a vie 
072 |a Khóa luận tốt nghiệp 
082 |a 895.922301  |b PH-D 
100 |a Phan,Thị Dương 
245 |a Con người nhà quê trong tiểu thuyết Giông Tố và Vỡ Đê của Vũ Trọng Phụng  |c Phan,Thị Dương; Người hướng dẫn Nguyễn Thanh Trường 
260 |a Đà Nẵng  |b Trường Đại học Sư phạm  |c 6/2011 
300 |a 70 tr.  |c 29 cm. 
490 |a Khóa luận tốt nghiệp ĐH. Chuyên ngành: Cử nhân Văn học 
500 |a Tham khảo tr.69-tr.70 
520 |a Khái quát được số phận của những người nông dân, tấm lòng nhân đạo cao cả của nhà văn mà còn góp thêm một tiếng nói khẳng định tài năng và vị thế của Vũ Trọng Phụng trong lịch sử văn học Việt Nam hiện Đại 
653 |a Khoa Ngữ Văn 
700 |a Nguyễn.Thanh Trường  |c TS  |e Hướng dẫn 
OWN |a LSP 
AVA |a UDN50  |b LSP  |d 895.922301 PH-D  |e available  |t Error 5001 Not defined in file expand_doc_bib_avail.  |f 1  |g 0  |h N  |i 0  |k 1 
999 |a From the UDN01 
AVA |a UDN50  |b LSP  |d 895.922301 PH-D  |e available  |t Error 5001 Not defined in file expand_doc_bib_avail.  |f 1  |g 0  |h N  |i 0  |k 1 
TYP |a Monograph 
TYP |a Printed language 
980 |a Mạng thư viện Đại học Đà Nẵng